Colleges of NFL Players - Statistics

General Stats
  • This quiz has been taken 133 times
  • The average score is 17 of 35
Answer Stats
Player College % Correct
Patrick Mahomes Texas Tech
99%
Tom Brady Michigan
88%
Lamar Jackson Louisville
85%
Trevor Lawrence Clemson
81%
Johnny Manziel Texas A&M
77%
Julio Jones Alabama
74%
Andrew Luck Stanford
73%
Ladd McConkey Georgia
71%
Ben Roethlisberger Miami of Ohio
69%
Sam Darnold USC
69%
Geno Smith West Virginia
69%
Calvin Johnson Georgia Tech
67%
Rob Gronkowski Arizona
65%
Davante Adams Fresno State
64%
Joe Flacco Delaware
61%
Cooper Kupp Eastern Washington
61%
Gardner Minshew II Washington State
54%
Steve Young BYU
51%
Ladainian Tomlinson TCU
50%
Aaron Jones UTEP
47%
Jay Cutler Vanderbilt
46%
Terry Bradshaw Louisiana Tech
40%
Jerry Rice Mississippi Valley State
33%
Jim Brown Syracuse
32%
Isaiah Likely Coastal Carolina
27%
Steve McNair Alcorn State
25%
Dont'a Hightower Alabama
23%
Tony Gonzalez California
22%
Walter Payton Jackson State
19%
Jim Kelly Miami
17%
Ronnie Lott USC
17%
Reggie White Tennessee
15%
John Stallworth Alabama A&M
7%
Isaac Bruce Memphis
7%
Brandon Jacobs Southern Illinois
7%
No matching quizzes found
Score Distribution
Percent of People with Each Score
Percentile by Number Answered
Your Score History
You have not taken this quiz